000 00591nam a2200229Ia 4500
003 OSt
005 20221007071336.0
006 a|||||r|||| 00| 0
007 ta
008 221006b |||||||| |||| 00| 0 eng d
024 _a18,200
037 _cTextual
040 _aFLL
_cFLL
_beng
041 _2eng
_aeng
082 _aYZ, L5
100 _aMcClean J.D. Au.
_9686741
245 0 _aLegal context of social work
260 _aLondon
_bButterworths England
_c1975
300 _a171p
_ccm.
942 _hYZ, L5
_cTEXL
_2CC
999 _c1143112
_d1143112